| 000 | 00550nam a2200133Ia 4500 | ||
|---|---|---|---|
| 001 | 3447 | ||
| 008 | 241024s9999 xx 000 0 und d | ||
| 082 | _aRD/633.97293/B213d | ||
| 100 | _aRepública Dominicana.Banco Agricola de la República Dominicana | ||
| 245 | 0 | _aDiseño de la modalidad de finanaciamiento del sistema de riego seleccionado para cada una de las regiones productoras de banano para exportación mediante componentes de subsidio crédito y trabajo | |
| 260 |
_bSanto Domingo _c2012 |
||
| 901 | _a6/11/2013 3:38:24 p.m. | ||
| 999 |
_c8009 _d8009 |
||